Wet chemistry based development of LaMgAl11O19 and its hot corrosion studies in molten salt environment for thermal and environmental barrier applications / (Record no. 601746)

000 -LEADER
fixed length control field 00599nam a2200157Ia 4500
008 - FIXED-LENGTH DATA ELEMENTS--GENERAL INFORMATION
fixed length control field 230907s9999||||xx |||||||||||||| ||und||
082 ## - DEWEY DECIMAL CLASSIFICATION NUMBER
Classification number 621.3
Author Mark SAL
100 ## - MAIN ENTRY--PERSONAL NAME
Personal name Hafiz Muhammad Saleem Ahmed (NUST-2013-61519-MCES-64113-F)
9 (RLIN) 116347
245 #0 - TITLE STATEMENT
Title Wet chemistry based development of LaMgAl11O19 and its hot corrosion studies in molten salt environment for thermal and environmental barrier applications /
260 ## - PUBLICATION, DISTRIBUTION, ETC.
Place of publication, distribution, etc. USPCAS-E, NUST,
Name of publisher, distributor, etc. Islamabad :
Date of publication, distribution, etc. 2017
300 ## - PHYSICAL DESCRIPTION
Extent xi, 108 p. :
520 ## - SUMMARY, ETC.
Summary, etc. TH-67
650 ## - SUBJECT ADDED ENTRY--TOPICAL TERM
Topical term or geographic name entry element MS-ESE Thesis MS Thesis
700 ## - ADDED ENTRY--PERSONAL NAME
Personal name Dr Zuhair Subhani Khan
942 ## - ADDED ENTRY ELEMENTS (KOHA)
Koha item type Thesis
Source of classification or shelving scheme
Holdings
Withdrawn status Lost status Source of classification or shelving scheme Damaged status Not for loan Permanent Location Current Location Date acquired Full call number Barcode Date last seen Price effective from Koha item type
          US-Pakistan Center for Advanced Studies in Energy (USPCAS-E) US-Pakistan Center for Advanced Studies in Energy (USPCAS-E) 07/26/2019 621.3 SAL CAS-ETH0000067 09/12/2023 09/12/2023 Thesis
© 2023 Central Library, National University of Sciences and Technology. All Rights Reserved.